000 00710cam a2200241 4500
999 _c2606
_d2606
001 2654481
003 GBCCL
005 20241126110433.0
008 710127s1971 tnua 000 0 eng
010 _a 70136137
020 _a0805463038
040 _aDLC
_cDLC
_dDLC
050 0 0 _aPS3561.N49
_bS4
082 0 _a266
_bWAL
100 1 _aKnight, Walker L.,
_d1924-
_95483
245 1 0 _aSee how love works
_c[by] Walker L. Knight. Photography by Don Rutledge.
260 _aNashville,
_bBroadman Press
_c[c1971]
300 _a95 p.
_billus.
_c24 cm.
650 _aMission
_vhome mission
_95484
700 1 _aRutledge, Don,
_d1930-
_95485
906 _a7
_bcbc
_corignew
_d2
_encip
_f19
_gy-gencatlg
942 _2ddc
_cBK